000 00397nam a2200181Ia 4500
001 440
005 20260306140518.0
008 260306t1980||||xx |||||||||||||| ||spa||
041 _aESP
082 _a120
_bB92A
100 _aBunge, Mario
_eAUT
245 0 _aEpistemologĂ­a
260 _c1980
300 _a275 páginas :
_c21 cm.
650 _aGEN
654 _aCHU
942 _cLIB
_dJUS
_fJUS
_2ddc
_n
999 _c440
_d440